000
00286nam a2200109Ia 4500
008
190216s9999||||xx |||||||||||||| ||und||
100
_a
Tifail
245
4
_a
The Ulama Of Egypt On The Death Of Jesus Christ
260
_b
Ahmadiyya Anjuman Isha`At Islam
650
_a
History
942
_c
BK
999
_c
19839
_d
19839